000 00353 a2200157 4500
001 71892
020 _a8532251749
040 _cAnchieta - Colégio São Paulo
100 _aPorto, Cristina
240 1 0 _aSombras na claridade
_lpor
245 1 0 _aSombras na claridade
300 _a63
362 0 _a2003
650 4 _aLiteratura infantil
942 _cBK
999 _c71892
_d71892